[Event "M.Chigorin Memorial 2014"]
[Site "St. Petersburg"]
[Date "2014.10.20"]
[Round "3.141"]
[White "Shinkevich, Maksim"]
[Black "Androsov, Sergey"]
[Result "1/2-1/2"]
[WhiteElo "1825"]
[BlackElo "2059"]
[PlyCount "159"]
[EventDate "2014.10.18"]
[EventType "swiss"]
[EventCountry "RUS"]

1. d4 Nf6 2. c4 e6 3. Nf3 d5 4. Nc3 c6 5. e3 Nbd7 6. Qc2 Bd6 7. Bd2 O-O 8. Bd3
Re8 9. cxd5 exd5 10. O-O Nf8 11. Rab1 Bg4 12. Ne1 Qe7 13. f3 Bh5 14. e4 Bc7 15.
e5 N6d7 16. Nxd5 cxd5 17. Qxc7 Ne6 18. Qxb7 Nxd4 19. Bc3 Ne6 20. Qxd5 Nf4 21.
Qd4 Qc5 22. g3 Qxd4+ 23. Bxd4 Nxd3 24. Nxd3 Bg6 25. Rbd1 Bxd3 26. Rxd3 Nxe5 27.
Bxe5 Rxe5 28. Rd7 Rb5 29. Rfd1 g6 30. R1d2 Kg7 31. Kf2 a5 32. Ke2 a4 33. R7d3
Rab8 34. Ra3 Rb4 35. Kd1 h5 36. Kc1 h4 37. Rc3 hxg3 38. hxg3 Kf6 39. a3 R4b6
40. Rc4 Rh8 41. Rxa4 Rh1+ 42. Kc2 Rc6+ 43. Kb3 Rg1 44. g4 Kg5 45. Rc4 Re6 46.
a4 f5 47. gxf5 gxf5 48. Rd3 Rb6+ 49. Rb4 Ra6 50. Kc4 Ra1 51. b3 Rc1+ 52. Kb5
Ra8 53. Rc4 Rb8+ 54. Ka5 Re1 55. b4 Ra8+ 56. Kb5 Rb8+ 57. Ka5 Ra8+ 58. Kb6 Rxa4
59. Rd6 Re8 60. Kb5 Ra3 61. f4+ Kg4 62. Kc5 Rc8+ 63. Rc6 Rb8 64. b5 Rb3 65. b6
Rb7 66. Rd4 Rb1 67. Ra4 Rc1+ 68. Kb5 Rb1+ 69. Ka6 Rb8 70. Ka7 Re8 71. b7 Re4
72. Rxe4 fxe4 73. Rb6 Ra1+ 74. Kb8 e3 75. Rb2 Rh1 76. Kc7 Rh7+ 77. Kd6 Rxb7 78.
Rxb7 Kxf4 79. Kd5 e2 80. Rb1 1/2-1/2

[Event "M.Chigorin Memorial 2014"]
[Site "St. Petersburg"]
[Date "2014.10.20"]
[Round "3.142"]
[White "Shugalei, Mikhail"]
[Black "Pronin, Vladimir"]
[Result "1/2-1/2"]
[WhiteElo "1649"]
[BlackElo "2053"]
[PlyCount "116"]
[EventDate "2014.10.18"]
[EventType "swiss"]
[EventCountry "RUS"]

1. e4 e5 2. Nf3 d6 3. Bc4 Be7 4. h3 Nf6 5. d3 O-O 6. O-O c6 7. Bb3 h6 8. Re1
Nbd7 9. c3 Re8 10. Nbd2 Nf8 11. Nf1 Be6 12. Ng3 Bxb3 13. Qxb3 Qb6 14. Be3 Qxb3
15. axb3 a6 16. Nf5 N8d7 17. Nxe7+ Rxe7 18. b4 Kh7 19. Nh4 g6 20. f4 Ne8 21.
Rf1 f6 22. f5 g5 23. Ng6 Rf7 24. c4 Nc7 25. g4 Nf8 26. Nxf8+ Rfxf8 27. Bb6 Rac8
28. Bxc7 Rxc7 29. Ra5 Rfc8 30. Rfa1 Kg7 31. Kf2 h5 32. Rh1 Rh8 33. Kg2 hxg4 34.
hxg4 Rxh1 35. Kxh1 Kf7 36. b5 cxb5 37. cxb5 axb5 38. Rxb5 Ke7 39. Kg2 Kd7 40.
Kf3 Kc6 41. Rb3 Rh7 42. Rc3+ Kd7 43. Kg3 Rh1 44. Rb3 Kc7 45. Kf2 Rh2+ 46. Kg3
Rc2 47. Kf3 Kc6 48. Ke3 d5 49. exd5+ Kxd5 50. Rxb7 Rg2 51. Rb4 Kc5 52. Rc4+ Kd5
53. b3 Rb2 54. b4 Rg2 55. Kf3 Rh2 56. Ke3 Rb2 57. Re4 Rc2 58. Kf3 Rd2 1/2-1/2

[Event "M.Chigorin Memorial 2014"]
[Site "St. Petersburg"]
[Date "2014.10.20"]
[Round "3.143"]
[White "Shapfiullin, Ildar"]
[Black "Shakhmatov, Roman"]
[Result "1-0"]
[WhiteElo "2050"]
[BlackElo "1775"]
[PlyCount "107"]
[EventDate "2014.10.18"]
[EventType "swiss"]
[EventCountry "RUS"]

1. d4 e6 2. Nf3 f5 3. Bf4 Nf6 4. e3 b6 5. Nbd2 Bb7 6. Bd3 Be7 7. h3 O-O 8. c4
d6 9. Qc2 Na6 10. a3 c5 11. O-O Qd7 12. d5 Nh5 13. dxe6 Qxe6 14. Bh2 Rae8 15.
Rfe1 g6 16. e4 f4 17. e5 Nb8 18. exd6 Qxd6 19. Ne4 Qc7 20. Neg5 Bxg5 21. Nxg5
Qc6 22. Be4 Rxe4 23. Qxe4 Qxe4 24. Nxe4 Bxe4 25. Rxe4 Nc6 26. Rd1 Rf6 27. Rd7
Rf7 28. Rxf7 Kxf7 29. Bxf4 Nxf4 30. Rxf4+ Ke6 31. Kf1 Ke5 32. g3 g5 33. Rf7 h6
34. Ke2 Kd4 35. Kd2 Kxc4 36. Rf6 Ne5 37. Kc2 b5 38. Ra6 Nf3 39. b3+ Kd4 40.
Rxa7 h5 41. Rf7 Ke4 42. Rxf3 Kxf3 43. a4 bxa4 44. bxa4 Kxf2 45. a5 Kxg3 46. a6
Kxh3 47. a7 g4 48. a8=Q g3 49. Qh1+ Kg4 50. Kd2 c4 51. Ke3 h4 52. Qe4+ Kh3 53.
Kf3 g2 54. Qg4+ 1-0

[Event "M.Chigorin Memorial 2014"]
[Site "St. Petersburg"]
[Date "2014.10.20"]
[Round "3.144"]
[White "Svidinsky, Dmitry"]
[Black "Panov, Konstantin"]
[Result "1-0"]
[WhiteElo "2039"]
[BlackElo "1588"]
[PlyCount "107"]
[EventDate "2014.10.18"]
[EventType "swiss"]
[EventCountry "RUS"]

1. e4 e6 2. d4 d5 3. Nc3 Bb4 4. e5 Ne7 5. a3 Bxc3+ 6. bxc3 b6 7. Qg4 O-O 8. Nf3
Ba6 9. Bxa6 Nxa6 10. h4 Nf5 11. h5 f6 12. exf6 Qxf6 13. Bg5 Nh6 14. Qg3 Nf5 15.
Qh3 Qf7 16. Ne5 Qe8 17. h6 g6 18. O-O Nd6 19. Rae1 Ne4 20. Bc1 c5 21. Qd3 c4
22. Qh3 Nc7 23. f3 Nxc3 24. Bg5 Rf5 25. Qh4 N3b5 26. Ng4 Nxd4 27. Nf6+ Rxf6 28.
Bxf6 Nxc2 29. Re2 Nxa3 30. Bb2 Nab5 31. Qf6 Qd7 32. Be5 Rf8 33. Qh8+ Kf7 34.
Qxh7+ Ke8 35. Qxd7+ Kxd7 36. h7 Nd6 37. h8=Q Rxh8 38. Bxh8 Nf5 39. Be5 d4 40.
g4 Ne3 41. Ra1 Nb5 42. Bxd4 Nxd4 43. Rxa7+ Kd6 44. Rxe3 b5 45. Kf2 Kc5 46. Rc7+
Kb4 47. g5 Ka4 48. Re5 Kb4 49. Rd7 Nb3 50. Rc7 Nd4 51. Rec5 c3 52. Ke3 Nc2+ 53.
Kd3 Na3 54. f4 1-0

[Event "M.Chigorin Memorial 2014"]
[Site "St. Petersburg"]
[Date "2014.10.20"]
[Round "3.145"]
[White "Sindarov, Islombek"]
[Black "Lantini, Marco"]
[Result "0-1"]
[WhiteElo "1527"]
[BlackElo "2035"]
[PlyCount "68"]
[EventDate "2014.10.18"]
[EventType "swiss"]
[EventCountry "RUS"]

1. e4 c5 2. Nf3 e6 3. d4 cxd4 4. Nxd4 a6 5. Nc3 d6 6. Be3 b5 7. a3 Bb7 8. Bd3
Nd7 9. Qd2 Ngf6 10. f3 Rc8 11. O-O Be7 12. Rae1 O-O 13. Qf2 Qc7 14. Qg3 d5 15.
Bf4 e5 16. Nf5 Nh5 17. Nxe7+ Kh8 18. Nexd5 Nxg3 19. Nxc7 Nxf1 20. N7d5 exf4 21.
Rxf1 g5 22. Ne7 Rcd8 23. Ned5 Nc5 24. h4 h6 25. Kf2 Kg7 26. Ke2 Rfe8 27. Kd2 f5
28. Kc1 fxe4 29. fxe4 Bxd5 30. exd5 Nxd3+ 31. cxd3 Kg6 32. hxg5 hxg5 33. g3
fxg3 34. Rf3 g2 0-1

[Event "M.Chigorin Memorial 2014"]
[Site "St. Petersburg"]
[Date "2014.10.20"]
[Round "3.146"]
[White "Sheynin, Izrail"]
[Black "Bodnaruk, Svyatoslav"]
[Result "1-0"]
[WhiteElo "2030"]
[BlackElo "1633"]
[PlyCount "49"]
[EventDate "2014.10.18"]
[EventType "swiss"]
[EventCountry "RUS"]

1. e4 e5 2. d4 exd4 3. c3 dxc3 4. Bc4 Nc6 5. Nf3 h6 6. O-O d6 7. Qb3 Qe7 8.
Nxc3 Nf6 9. Nd5 Qd8 10. Bd2 Be7 11. Nxf6+ Bxf6 12. Bxf7+ Kf8 13. Bg6 Qe7 14.
Rfe1 Qe6 15. Qc2 Bxb2 16. Bf5 Qf6 17. Rab1 Bxf5 18. exf5 Bd4 19. Rxb7 Nd8 20.
Rxc7 Bb6 21. Qe4 Kg8 22. Bc3 Qf8 23. Rxg7+ Qxg7 24. Bxg7 Kxg7 25. Qxa8 1-0

[Event "M.Chigorin Memorial 2014"]
[Site "St. Petersburg"]
[Date "2014.10.20"]
[Round "3.147"]
[White "Borunova, Tatiana"]
[Black "Kamnev, Alexander"]
[Result "0-1"]
[WhiteElo "1629"]
[BlackElo "2013"]
[PlyCount "120"]
[EventDate "2014.10.18"]
[EventType "swiss"]
[EventCountry "RUS"]

1. e4 c5 2. d3 Nc6 3. Nf3 g6 4. g3 Bg7 5. c3 e5 6. Bg2 Nge7 7. Be3 d6 8. Qd2
O-O 9. Bh6 f5 10. Bxg7 Kxg7 11. h3 d5 12. exf5 gxf5 13. O-O Ng6 14. Na3 f4 15.
Rad1 Be6 16. b3 Qf6 17. Qe2 Rae8 18. g4 Kh8 19. Nd2 e4 20. dxe4 dxe4 21. Bxe4
Qxc3 22. Qf3 Qxf3 23. Bxf3 Nge5 24. Rfe1 Bd7 25. Nac4 Bc8 26. Nd6 Rd8 27. Nxc8
Rxd2 28. Bxc6 Rxd1 29. Rxd1 Nxc6 30. Nd6 b6 31. Kg2 Nd4 32. f3 Rf6 33. Ne4 Rc6
34. h4 Kg7 35. g5 Rc7 36. Rd3 h5 37. Nf6 Kg6 38. Nd5 Rf7 39. b4 Kf5 40. Nc3 Rd7
41. bxc5 bxc5 42. Ne4 Rc7 43. Kf2 Ke5 44. Nf6 c4 45. Rc3 Nf5 46. Nxh5 Nxh4 47.
Nf6 Nf5 48. Ne4 Kd4 49. Rc1 Rh7 50. Ke1 Ng3 51. Rc2 Nxe4 52. fxe4 Rh1+ 53. Ke2
Rh2+ 54. Kd1 Rxc2 55. Kxc2 Ke5 56. g6 Kf6 57. e5+ Kxg6 58. Kc3 f3 59. Kxc4 f2
60. Kd5 f1=Q 0-1

[Event "M.Chigorin Memorial 2014"]
[Site "St. Petersburg"]
[Date "2014.10.20"]
[Round "3.148"]
[White "Hyoetylae, Tapio"]
[Black "Vorobjev, Dmitry"]
[Result "0-1"]
[WhiteElo "1840"]
[BlackElo "2199"]
[PlyCount "94"]
[EventDate "2014.10.18"]
[EventType "swiss"]
[EventCountry "RUS"]

1. d4 Nf6 2. c4 g6 3. Nc3 Bg7 4. e4 O-O 5. Bd3 d6 6. h3 Nc6 7. Nge2 Nd7 8. Be3
e5 9. d5 Nd4 10. O-O c5 11. dxc6 bxc6 12. b4 f5 13. f4 Nxe2+ 14. Nxe2 exf4 15.
Bd4 Bxd4+ 16. Nxd4 Qb6 17. c5 Qxb4 18. Ne6 Nxc5 19. Rb1 Qc3 20. Nxc5 Qxc5+ 21.
Kh1 fxe4 22. Bxe4 d5 23. Rc1 Qe7 24. Bf3 Bd7 25. Re1 Qd6 26. Qd4 Rfe8 27. Rxe8+
Bxe8 28. Re1 Bd7 29. Re5 Be6 30. Qxf4 Rf8 31. Qe3 Rb8 32. Kg1 d4 33. Qe4 Bxa2
34. Qe2 Bf7 35. Re4 Rb1+ 36. Kf2 d3 37. Qd2 Ra1 38. Ke3 Qc5+ 39. Rd4 Ra4 40.
Qb2 g5 41. Qb8+ Kg7 42. Qd8 Qxd4+ 43. Qxd4+ Rxd4 44. Kxd4 Bd5 45. Bg4 d2 46.
Ke3 Bxg2 47. Kxd2 Kf6 0-1

[Event "M.Chigorin Memorial 2014"]
[Site "St. Petersburg"]
[Date "2014.10.20"]
[Round "3.149"]
[White "Levin, Evgeny"]
[Black "Klyuev, Alexander S"]
[Result "0-1"]
[WhiteElo "1835"]
[BlackElo "2181"]
[PlyCount "78"]
[EventDate "2014.10.18"]
[EventType "swiss"]
[EventCountry "RUS"]

1. c4 Nf6 2. Nc3 e6 3. d4 Bb4 4. a3 Bxc3+ 5. bxc3 O-O 6. Bg5 d6 7. e3 Nbd7 8.
Bd3 h6 9. Bh4 b6 10. f3 e5 11. Ne2 Qe8 12. e4 Bb7 13. d5 Nh5 14. g4 Nf4 15.
Nxf4 exf4 16. Bf2 Ne5 17. Be2 Ba6 18. Qd2 Bxc4 19. a4 Bxe2 20. Qxe2 f5 21. h3
fxe4 22. fxe4 Qg6 23. O-O-O Qe8 24. Rd4 c5 25. dxc6 Qxc6 26. Qa2+ Kh7 27. Qb3
Rac8 28. Kc2 Nf3 29. Rd5 Qe8 30. Kb2 Qxe4 31. Qc2 Qxc2+ 32. Kxc2 Rfe8 33. Bd4
Re2+ 34. Kd3 Nxd4 35. Rxd4 Re3+ 36. Kd2 Rexc3 37. Rxd6 Rc2+ 38. Kd3 R8c3+ 39.
Kd4 Ra3 0-1

[Event "M.Chigorin Memorial 2014"]
[Site "St. Petersburg"]
[Date "2014.10.20"]
[Round "3.150"]
[White "Menkov, Aleksandr"]
[Black "Kokhnover, Ilya"]
[Result "1-0"]
[WhiteElo "2170"]
[BlackElo "1840"]
[PlyCount "61"]
[EventDate "2014.10.18"]
[EventType "swiss"]
[EventCountry "RUS"]

1. e4 c5 2. Nf3 e6 3. d4 cxd4 4. Nxd4 a6 5. Bd3 Nf6 6. O-O d6 7. Be3 Be7 8. f4
Qc7 9. g4 h5 10. gxh5 Nc6 11. Nc3 Nxd4 12. Bxd4 e5 13. Bf2 Bh3 14. Re1 O-O-O
15. Nd5 Nxd5 16. exd5 g6 17. Re3 Qd7 18. Bxa6 bxa6 19. Qd3 Qb7 20. Qc4+ Kd7 21.
Rb3 Qa8 22. Qa4+ Kc8 23. Rc3+ Kb8 24. Rxh3 gxh5 25. Rb3+ Kc8 26. Rc3+ Kb8 27.
Rc6 Rhg8+ 28. Kf1 Rd7 29. Rd1 a5 30. Rd3 Rb7 31. Qc4 1-0

[Event "M.Chigorin Memorial 2014"]
[Site "St. Petersburg"]
[Date "2014.10.20"]
[Round "3.151"]
[White "Radkov, Bazhen D"]
[Black "Shapar, Tatiana"]
[Result "1-0"]
[WhiteElo "2160"]
[BlackElo "1836"]
[PlyCount "61"]
[EventDate "2014.10.18"]
[EventType "swiss"]
[EventCountry "RUS"]

1. d4 d5 2. c4 Nc6 3. Nc3 dxc4 4. Nf3 Bg4 5. d5 Bxf3 6. gxf3 Ne5 7. Bf4 Ng6 8.
Bh3 e6 9. Qa4+ Qd7 10. Qxc4 Nxf4 11. Qxf4 Nf6 12. O-O-O Bd6 13. Qc4 Ke7 14. Kb1
a6 15. Qh4 h6 16. f4 Rag8 17. dxe6 fxe6 18. f5 e5 19. e4 Kf7 20. Bf1 g5 21.
fxg6+ Rxg6 22. Bc4+ Kf8 23. Rhg1 Qg7 24. Rxg6 Qxg6 25. Rd3 Qg5 26. Qh3 Qg1+ 27.
Kc2 Qg4 28. Qe3 b5 29. Bb3 Qf4 30. Qa7 Kg7 31. Rxd6 1-0

[Event "M.Chigorin Memorial 2014"]
[Site "St. Petersburg"]
[Date "2014.10.20"]
[Round "3.152"]
[White "Leite, Catarina"]
[Black "Bezulenko, Evgeny"]
[Result "1-0"]
[WhiteElo "2154"]
[BlackElo "1827"]
[PlyCount "65"]
[EventDate "2014.10.18"]
[EventType "swiss"]
[EventCountry "RUS"]

1. e4 e6 2. d4 d5 3. Nd2 Nf6 4. e5 Nfd7 5. Bd3 c5 6. c3 Nc6 7. Ngf3 Be7 8. O-O
Qb6 9. dxc5 Nxc5 10. Bc2 Qc7 11. Re1 b6 12. Nb3 Nd7 13. Qe2 a5 14. Nbd4 Ba6 15.
Nb5 Bxb5 16. Qxb5 Rc8 17. Qe2 h6 18. Ba4 Nc5 19. Bb5 O-O 20. Nd4 Na7 21. Qg4 g5
22. h4 Nxb5 23. Nxb5 Qd7 24. hxg5 hxg5 25. Re3 Kg7 26. Rh3 Ne4 27. f3 Bc5+ 28.
Nd4 f6 29. fxe4 dxe4 30. Be3 Qd5 31. Nxe6+ Kg8 32. Bxc5 bxc5 33. Qh5 1-0

[Event "M.Chigorin Memorial 2014"]
[Site "St. Petersburg"]
[Date "2014.10.20"]
[Round "3.153"]
[White "Puzko, Danila"]
[Black "Zilbershtein, Victor"]
[Result "1-0"]
[WhiteElo "2154"]
[BlackElo "1818"]
[PlyCount "107"]
[EventDate "2014.10.18"]
[EventType "swiss"]
[EventCountry "RUS"]

1. d4 Nf6 2. c4 b6 3. Nc3 Bb7 4. Nf3 e6 5. a3 c5 6. d5 exd5 7. cxd5 d6 8. e4
Nbd7 9. Bd3 Be7 10. O-O O-O 11. h3 Rc8 12. Bc4 a6 13. a4 Ne5 14. Nxe5 dxe5 15.
Qd3 Ra8 16. f4 Bd6 17. fxe5 Bxe5 18. Bf4 Nd7 19. Qg3 Qb8 20. Be2 Bd4+ 21. Kh1
Ne5 22. Rad1 f6 23. Bg4 Qe8 24. Be6+ Kh8 25. b3 Rd8 26. Ne2 Bc8 27. Nxd4 cxd4
28. Bxc8 Rxc8 29. Rxd4 Kg8 30. Kh2 Rf7 31. Rd2 Ng6 32. Re1 Re7 33. Qf3 Rd7 34.
Bg3 Ne5 35. Qe2 a5 36. Qb5 Rcc7 37. Qxb6 Rb7 38. Qxa5 Rxb3 39. Bxe5 Qxe5+ 40.
Kh1 f5 41. Rc2 Kf7 42. Rf2 f4 43. Qa6 Rd6 44. Qc4 Rdb6 45. Rxf4+ Qxf4 46. Rf1
Rf3 47. d6+ Kg6 48. Qe6+ Kh5 49. Qg4+ Qxg4 50. hxg4+ Kxg4 51. gxf3+ Kf4 52. Rd1
Rb8 53. d7 Rd8 54. Kg2 1-0

[Event "M.Chigorin Memorial 2014"]
[Site "St. Petersburg"]
[Date "2014.10.20"]
[Round "3.154"]
[White "Smirnov, Mikhail"]
[Black "Gogin, Artem"]
[Result "1-0"]
[WhiteElo "2147"]
[BlackElo "1815"]
[PlyCount "79"]
[EventDate "2014.10.18"]
[EventType "swiss"]
[EventCountry "RUS"]

1. Nf3 d5 2. g3 g6 3. Bg2 Bg7 4. O-O c6 5. c4 Nf6 6. d4 O-O 7. cxd5 cxd5 8. Ne5
Nc6 9. Nxc6 bxc6 10. Nc3 Bf5 11. Bf4 Nd7 12. Na4 e5 13. dxe5 Nxe5 14. Rc1 Rc8
15. b3 Ng4 16. Qd2 Nf6 17. Nc5 Qb6 18. Be3 Rfd8 19. Bd4 Qc7 20. Qb2 Qe7 21.
Rfe1 Ne8 22. Bxg7 Nxg7 23. e4 Be6 24. b4 Rb8 25. exd5 cxd5 26. Na6 Rb6 27. b5
Ne8 28. a4 Qf6 29. Qb4 Nd6 30. Red1 Nc4 31. Qc5 Rbd6 32. Nb4 Nb6 33. a5 Na4 34.
Qd4 Qxd4 35. Rxd4 Nb2 36. Rc7 Re8 37. h3 Bd7 38. Bxd5 Re1+ 39. Kg2 Kg7 40. Rf4
1-0

[Event "M.Chigorin Memorial 2014"]
[Site "St. Petersburg"]
[Date "2014.10.20"]
[Round "3.155"]
[White "Nikitinyh, Boris"]
[Black "Zhemchuzhina, Elizaveta"]
[Result "1-0"]
[WhiteElo "2138"]
[BlackElo "1810"]
[PlyCount "85"]
[EventDate "2014.10.18"]
[EventType "swiss"]
[EventCountry "RUS"]

1. e4 c5 2. Nf3 e6 3. c4 Nc6 4. g3 g6 5. Nc3 Bg7 6. Bg2 d6 7. O-O Nge7 8. d3
O-O 9. h4 Nd4 10. Nxd4 cxd4 11. Ne2 e5 12. Bd2 Rb8 13. b4 f5 14. b5 Be6 15. Qa4
b6 16. Rae1 Qd7 17. Rc1 a5 18. Kh2 Rbc8 19. Qb3 Rc5 20. a4 fxe4 21. Bxe4 Bh3
22. Bg2 Bxg2 23. Kxg2 Qb7+ 24. Kh2 Qf3 25. Ng1 Qg4 26. Qd1 Qxd1 27. Rcxd1 e4
28. Bc1 exd3 29. Ba3 Rxc4 30. Bxd6 Rf7 31. Rxd3 Rxa4 32. Nf3 Nf5 33. Ba3 Rc7
34. Rfd1 Rc2 35. Kg1 Nh6 36. Ng5 Bf6 37. Ne4 Be5 38. Re1 Nf7 39. Ng5 Nxg5 40.
Rxe5 Nf7 41. Re8+ Kg7 42. Bf8+ Kf6 43. Rf3# 1-0

[Event "M.Chigorin Memorial 2014"]
[Site "St. Petersburg"]
[Date "2014.10.20"]
[Round "3.156"]
[White "Shapianov, Adam"]
[Black "Sorokopudov, Vladimir M"]
[Result "1-0"]
[WhiteElo "1807"]
[BlackElo "2091"]
[PlyCount "47"]
[EventDate "2014.10.18"]
[EventType "swiss"]
[EventCountry "RUS"]

1. e4 c6 2. d4 d5 3. Nc3 a6 4. Nf3 Bg4 5. Be2 e6 6. O-O Nd7 7. Re1 Bb4 8. exd5
cxd5 9. a3 Bxc3 10. bxc3 Ngf6 11. c4 O-O 12. c5 b6 13. Bf4 bxc5 14. Bd6 Re8 15.
dxc5 Qc8 16. Qd4 Ne4 17. c4 Ndxc5 18. cxd5 exd5 19. Rac1 Bxf3 20. Bxf3 Nb3 21.
Rxc8 Nxd4 22. Rxa8 Rxa8 23. Bxe4 Re8 24. Bxh7+ 1-0

[Event "M.Chigorin Memorial 2014"]
[Site "St. Petersburg"]
[Date "2014.10.20"]
[Round "3.157"]
[White "Belova, Olga"]
[Black "Shemenko, Georgy"]
[Result "1-0"]
[WhiteElo "2080"]
[BlackElo "1803"]
[PlyCount "54"]
[EventDate "2014.10.18"]
[EventType "swiss"]
[EventCountry "RUS"]

1. e4 e6 2. d4 d5 3. Nc3 Nf6 4. Bg5 Bb4 5. Nge2 h6 6. Bxf6 Qxf6 7. a3 Bxc3+ 8.
Nxc3 Qd8 9. Bd3 O-O 10. Qd2 Nc6 11. Bb5 Qd7 12. O-O-O a6 13. Bxc6 Qxc6 14. g4
Bd7 15. Rhg1 Kh7 16. g5 h5 17. Qd3 g6 18. Qf3 dxe4 19. Nxe4 Rad8 20. Qf4 Qb5
21. Nf6+ Kh8 22. d5 Qe2 23. Rde1 e5 24. Qg3 Qc4 25. Qxe5 Ba4 26. Re2 Bb5 27.
Re4 Qa2 1-0

[Event "M.Chigorin Memorial 2014"]
[Site "St. Petersburg"]
[Date "2014.10.20"]
[Round "3.159"]
[White "Bezstrakhov, Dmitry"]
[Black "Stroganov, Anatoly"]
[Result "1-0"]
[WhiteElo "1987"]
[BlackElo "1789"]
[PlyCount "83"]
[EventDate "2014.10.18"]
[EventType "swiss"]
[EventCountry "RUS"]

1. e4 c5 2. Nf3 d6 3. Nc3 Nf6 4. d4 cxd4 5. Nxd4 a6 6. Be3 Ng4 7. Bc4 Nxe3 8.
fxe3 e6 9. Qf3 Nc6 10. Nxc6 bxc6 11. Qg3 d5 12. O-O-O Qd6 13. e5 Qc7 14. Bb3 f6
15. e4 Qxe5 16. Qf2 Bd6 17. Qb6 Bd7 18. exd5 cxd5 19. Nxd5 O-O 20. Qxd6 Qxd6
21. Nxf6+ Rxf6 22. Rxd6 Ra7 23. Rhd1 Bb5 24. Bxe6+ Kf8 25. Bg4 Rxd6 26. Rxd6
Ke7 27. Re6+ Kf7 28. Rb6 Bf1 29. Bf3 a5 30. a4 Ba6 31. b3 Ke7 32. c4 Bc8 33.
Bd5 Rc7 34. Kd2 Bf5 35. Ke3 Bc2 36. Kd4 g6 37. c5 Rd7 38. c6 Rc7 39. Kc5 Bf5
40. Rb7 Kd8 41. Kd6 Rc8 42. Rxh7 1-0

[Event "M.Chigorin Memorial 2014"]
[Site "St. Petersburg"]
[Date "2014.10.20"]
[Round "3.160"]
[White "Soldatov, Arnold"]
[Black "Beltyukov, Denis"]
[Result "1-0"]
[WhiteElo "1984"]
[BlackElo "1781"]
[PlyCount "77"]
[EventDate "2014.10.18"]
[EventType "swiss"]
[EventCountry "RUS"]

1. d4 c5 2. e3 d5 3. c4 e6 4. Nc3 Nf6 5. Nf3 b6 6. Ne5 Bd6 7. cxd5 Bxe5 8. Bb5+
Bd7 9. dxe5 Bxb5 10. dxe6 Qxd1+ 11. Kxd1 Ng4 12. Nxb5 Na6 13. exf7+ Kxf7 14.
Ke2 Nxe5 15. Bd2 Rhd8 16. Bc3 Nc6 17. Rhd1 g6 18. a3 Ke6 19. f4 Rac8 20. g4
Nab8 21. a4 Rd7 22. f5+ Ke7 23. f6+ Ke6 24. Rxd7 Nxd7 25. Rd1 Nde5 26. Rd6+ Kf7
27. Nxa7 Nxa7 28. Bxe5 Nc6 29. Bc3 Rc7 30. e4 Nd4+ 31. Bxd4 cxd4 32. Kd3 b5 33.
axb5 Rc5 34. b6 Rb5 35. Kxd4 Rxb2 36. e5 Rxh2 37. Rd7+ Ke8 38. f7+ Kf8 39. e6
1-0

[Event "M.Chigorin Memorial 2014"]
[Site "St. Petersburg"]
[Date "2014.10.20"]
[Round "3.161"]
[White "Isaev, Chingys"]
[Black "Aksenova, Maria"]
[Result "1-0"]
[WhiteElo "1977"]
[BlackElo "1777"]
[PlyCount "87"]
[EventDate "2014.10.18"]
[EventType "swiss"]
[EventCountry "RUS"]

1. d4 Nf6 2. c4 e5 3. dxe5 Ng4 4. Bf4 Nc6 5. Nf3 Bb4+ 6. Nbd2 Qe7 7. a3 Ngxe5
8. Nxe5 Nxe5 9. e3 Bxd2+ 10. Qxd2 O-O 11. Be2 a5 12. b3 d6 13. O-O Re8 14. Rac1
Bf5 15. Rfd1 Ng6 16. Bg3 Be4 17. Qd4 b6 18. b4 axb4 19. axb4 Ra4 20. Qc3 Ra2
21. Rd2 Rea8 22. f3 R8a3 23. Rxa2 Rxa2 24. Kf2 Bb7 25. Qb3 Ra7 26. Qd3 h5 27.
h4 Qf6 28. Qd4 Ne5 29. Qd2 Ra3 30. Kg1 Rb3 31. c5 Rb2 32. Rc2 Rb1+ 33. Rc1 Rb2
34. Rc2 Rb1+ 35. Kh2 bxc5 36. bxc5 dxc5 37. Rxc5 Nxf3+ 38. Bxf3 Bxf3 39. gxf3
Qxf3 40. Qd8+ Kh7 41. Qd3+ g6 42. Qxb1 Qe2+ 43. Kg1 Qxe3+ 44. Bf2 1-0

[Event "M.Chigorin Memorial 2014"]
[Site "St. Petersburg"]
[Date "2014.10.20"]
[Round "3.162"]
[White "Zhivotovskaya, Asya"]
[Black "Koshil, Tikhon"]
[Result "1-0"]
[WhiteElo "1775"]
[BlackElo "1975"]
[PlyCount "67"]
[EventDate "2014.10.18"]
[EventType "swiss"]
[EventCountry "RUS"]

1. c4 Nf6 2. Nc3 g6 3. g3 Bg7 4. Bg2 O-O 5. e4 d6 6. Nge2 c5 7. O-O Be6 8. d3
Nc6 9. h3 Bd7 10. Be3 a6 11. Qd2 Re8 12. f4 Rb8 13. a4 e6 14. g4 Kh8 15. Rf2
Ng8 16. g5 Nd4 17. Raf1 Bc6 18. Ng3 Ne7 19. h4 d5 20. Qd1 b6 21. h5 Kg8 22. Qg4
Bd7 23. Qh4 Bc6 24. Bh3 Nb3 25. Rh2 d4 26. Bxe6 fxe6 27. hxg6 hxg6 28. f5 exf5
29. exf5 Kf7 30. fxg6+ Ke6 31. Qg4+ Kd6 32. Bf4+ Be5 33. Bxe5+ Kxe5 34. Rf6 1-0

[Event "M.Chigorin Memorial 2014"]
[Site "St. Petersburg"]
[Date "2014.10.20"]
[Round "3.163"]
[White "Mihalov, Dimitri"]
[Black "Petrushev, Nikita"]
[Result "0-1"]
[WhiteElo "1765"]
[BlackElo "1974"]
[PlyCount "102"]
[EventDate "2014.10.18"]
[EventType "swiss"]
[EventCountry "RUS"]

1. b4 e5 2. Bb2 Bxb4 3. Bxe5 Nf6 4. c4 O-O 5. e3 Re8 6. Bb2 d5 7. cxd5 Nxd5 8.
Nf3 c5 9. Be2 Nc6 10. O-O Qd6 11. Qc2 Ba5 12. Rc1 Bb6 13. Ng5 Qh6 14. Nf3 Ncb4
15. Qd1 Bf5 16. Rc4 Re4 17. Rxe4 Bxe4 18. Ne1 Bc7 19. h3 Qd6 20. g3 Qh6 21. Bf1
Rd8 22. a3 Nc6 23. Nc3 Nxc3 24. Bxc3 Bf5 25. Kh2 Ne5 26. f3 Nc6 27. f4 Ne7 28.
Qf3 Nd5 29. Be5 Bxe5 30. fxe5 Be6 31. Rd1 Qg5 32. Rc1 Qxe5 33. Nd3 Qf6 34. Qxf6
Nxf6 35. Rxc5 Ne4 36. Rc2 Rc8 37. Rb2 b6 38. Nf4 Rc1 39. Bg2 Nd6 40. d3 Rc3 41.
a4 Bd7 42. Rb4 Nf5 43. e4 Ne7 44. Rd4 Be8 45. Rd8 Kf8 46. d4 Rc8 47. Rd6 Bxa4
48. e5 Nf5 49. Rd5 Bc6 50. Rd8+ Rxd8 51. Bxc6 Nxd4 0-1

[Event "M.Chigorin Memorial 2014"]
[Site "St. Petersburg"]
[Date "2014.10.20"]
[Round "3.164"]
[White "Tonkoshkur, Daniil"]
[Black "Bezhenar, Georgy"]
[Result "0-1"]
[WhiteElo "1721"]
[BlackElo "1969"]
[PlyCount "82"]
[EventDate "2014.10.18"]
[EventType "swiss"]
[EventCountry "RUS"]

1. d4 e6 2. Nf3 Nf6 3. c4 Bb4+ 4. Bd2 Qe7 5. Qb3 a5 6. e3 O-O 7. Bd3 Nc6 8. Nc3
d6 9. O-O e5 10. Nd5 Nxd5 11. cxd5 e4 12. dxc6 exf3 13. Bxb4 Qg5 14. g3 Qg4 15.
Rfc1 axb4 16. cxb7 Bxb7 17. Rxc7 Ba6 18. Bxa6 Rxa6 19. Qc4 Ra5 20. Qf1 Rh5 21.
Rac1 Rh3 22. Kh1 h5 23. d5 Qf5 24. R7c4 g5 25. e4 Qd7 26. Rc7 Qg4 27. R1c4 h4
28. e5 Qf5 29. exd6 hxg3 30. fxg3 Qxd5 31. R7c5 Qd2 32. Rxg5+ Qxg5 33. Qxh3 f2
34. Qg2 Re8 35. h4 Qf6 36. Rf4 Re1+ 37. Kh2 f1=Q 38. Rxf6 Qxf6 39. Qd2 Rf1 40.
Kg2 Qf3+ 41. Kh3 Rh1+ 0-1

[Event "M.Chigorin Memorial 2014"]
[Site "St. Petersburg"]
[Date "2014.10.20"]
[Round "3.165"]
[White "Ladzin, Ivan"]
[Black "Isaev, Vasily"]
[Result "0-1"]
[WhiteElo "1961"]
[BlackElo "1749"]
[PlyCount "86"]
[EventDate "2014.10.18"]
[EventType "swiss"]
[EventCountry "RUS"]

1. d4 d5 2. c4 e6 3. Nf3 c5 4. e3 Nc6 5. Nc3 Nf6 6. Be2 a6 7. cxd5 exd5 8. O-O
c4 9. Re1 Bb4 10. Nd2 O-O 11. Qc2 Be6 12. a3 Ba5 13. b3 b5 14. b4 Bc7 15. Bb2
Qd7 16. Na2 Bf5 17. Qc3 Qd6 18. Nf1 Ne4 19. Qc1 Nb8 20. f3 Nf6 21. Qc3 Nbd7 22.
Nc1 Rfe8 23. Bd1 a5 24. Ne2 axb4 25. axb4 Rxa1 26. Bxa1 Bd3 27. Neg3 h5 28. Bc2
Bxc2 29. Qxc2 Qxb4 30. Rb1 Qa4 31. Qf5 g6 32. Qg5 Bxg3 33. Nxg3 Qc2 34. Rf1 Ra8
35. e4 Ra2 36. Nf5 Ng4 37. Nh4 Nf2 38. Qxd5 Nh3+ 39. Kh1 Nf2+ 40. Kg1 Nh3+ 41.
Kh1 Qf2 42. Rb1 Qg1+ 43. Rxg1 Nf2# 0-1